Statystyki dla ZWIERZĘTA na literę O

Kliknij tutaj aby rozwiązać quiz!

Ogólne statystyki

  • Ten quiz został rozwiązany 75 razy
  • Średni wynik to 9 z 15

Statystyki odpowiedzi

Odpowiedź% Poprawnych
Osioł zwyczajny
100%
Owca domowa
98%
Orangutan sumatrzański
97%
Orka oceaniczna
97%
Ośmiornica zwyczajna
97%
Okoń pospolity
89%
Orzeł przedni
83%
Ocelot wielki
68%
Okapi leśne
68%
Oryks arabski
37%
Omułek jadalny
28%
Oknówka zwyczajna
20%
Orzesznica leszczynowa
18%
Ostrygojad zwyczajny
11%
Orzechówka zwyczajna
9%

Rozkład punktacji

Percentyl według liczby udzielonych odpowiedzi

Procent ludzi z każdym wynikiem

Twoja historia wyników

Nie rozwiązałeś tego quizu